000 01808cam a2200241 4500
001 ABS66809
008 111219s2003 000 0 eng u
035 _a(Sirsi) u122565
245 _aEIA in practice: new challenges in screening and scooping
260 _c2003
490 _aENDS Report
_v(340) May 2003, 25-29(4)
520 _aReports on the Environmental Impact Assessment (EIA) process and the problems that some local authorities are experiencing with the new screening and scoping procedures. Outlines the key requirements of Directive 85/337/EEC and explains the changes brought in by the amended directive which introduced a duty on local authorities to carry out formal screening of Annex II projects. Highlights the growing number of projects passing through the EIA process and suggests that this is a result of the amended directive, high-profile legal cases and the impact of the energy sector. Despite this increase in EIA activity, a lack of experience prevails among many planning authorities as demonstrated by new research from Oxford Brookes University's Impacts Assessment Unit. Presents the findings of the research and concludes by discussing the quality of environmental statements. Also looks at EIA as business for environmental consultancies. Tables.
590 _aABS
650 _aENVIRONMENTAL IMPACT ASSESSMENTS
650 _aDIRECTIVE 85/337/EEC
650 _aTOWN AND COUNTRY PLANNING (ENVIRONMENTAL IMPACT ASSESSMENT) (ENGLAND AND WALES) REGULATIONS 1999
650 _aPLANNING AUTHORITIES
650 _aENVIRONMENTAL STATEMENTS
650 _aDEVELOPMENT PROJECTS
690 _aENVIRONMENT-AUDIT/ASSESSMENT
856 _uhttps://www.brookes.ac.uk/schools/planning/iau/ESRC2.htm
_zView the research findings free of charge at www.brookes.ac.uk
942 _n0
999 _c72843
_d72843